000 00672nam a2200241Ia 4500
003 OSt
005 20220918214431.0
006 a|||||r|||| 00| 0
007 ta
008 220917b |||||||| |||| 00| 0 eng d
024 _a137,512
037 _cTextual
040 _aARTS
_cARTS
_beng
041 _2eng
_aeng
082 _aXM25.1-3.N3, H5
110 _aSpecial Committee To The Fabian Colonial Bureau
_9131354
245 0 _aReport
_b cooperation in the colonies
260 _c1945
650 _aECONOMICS
700 _aSpecial Committee To The Fabian Colonial Bureau
_9131355
942 _hXM25.1-3.N3, H5
_cTEXL
_2CC
999 _c260592
_d260592